|
|
|
|
| LEADER |
01663nam a2200445 i 4500 |
| 001 |
001468389 |
| 003 |
CZ BrMZK |
| 005 |
20150720145112.0 |
| 007 |
ta |
| 008 |
150428t20152015xxua e 000 0 eng |
| 020 |
|
|
|a 978-0-387-09748-0
|q (vázáno)
|
| 040 |
|
|
|a BOA001
|b cze
|e rda
|
| 072 |
|
7 |
|a 616
|x Patologie. Klinická medicína
|2 Konspekt
|9 14
|
| 080 |
|
|
|a 616-073
|2 MRF
|
| 080 |
|
|
|a 57.089
|2 MRF
|
| 080 |
|
|
|a 519.22
|2 MRF
|
| 080 |
|
|
|a 519.876.5
|2 MRF
|
| 080 |
|
|
|a 616-071
|2 MRF
|
| 080 |
|
|
|a (048.8:082)
|2 MRF
|
| 245 |
0 |
0 |
|a Handbook of biomedical imaging :
|b methodologies and clinical research /
|c editors Nikos Paragios, James Duncan, Nicholas Ayache
|
| 264 |
|
1 |
|a New York :
|b Springer,
|c [2015]
|
| 264 |
|
4 |
|c ©2015
|
| 300 |
|
|
|a vii, 511 stran :
|b ilustrace (částečně barevné) ;
|c 25 cm
|
| 336 |
|
|
|a text
|b txt
|2 rdacontent
|
| 337 |
|
|
|a bez média
|b n
|2 rdamedia
|
| 338 |
|
|
|a svazek
|b nc
|2 rdacarrier
|
| 504 |
|
|
|a Obsahuje bibliografie a bibliografické odkazy
|
| 650 |
0 |
7 |
|a diagnostické zobrazovací metody
|7 ph134757
|2 czenas
|
| 650 |
0 |
7 |
|a biomedicínské metody
|x metodologie
|7 ph138852
|2 czenas
|
| 650 |
0 |
7 |
|a statistické modely
|7 ph126064
|2 czenas
|
| 650 |
0 |
7 |
|a simulační modely
|7 ph125544
|2 czenas
|
| 650 |
0 |
7 |
|a klinický výzkum
|2 czenas
|
| 655 |
|
7 |
|a kolektivní monografie
|7 fd501537
|2 czenas
|
| 700 |
1 |
|
|a Paragios, Nikos
|7 xx0040081
|4 edt
|
| 700 |
1 |
|
|a Duncan, James,
|d 1951-
|7 xx0040075
|4 edt
|
| 700 |
1 |
|
|a Ayache, Nicholas,
|d 1958-
|7 stk2008428576
|4 edt
|
| 910 |
|
|
|a BOA001
|b 2-1344.889
|
| 990 |
|
|
|a BK
|
| 991 |
|
|
|b 201505
|c NOV
|e n
|
| 996 |
6 |
|
|b 2610632038
|c 2-1344.889
|l MZK
|r STM 6p
|n 0
|p kupz
|h 616-07 HAN
|w 001503522
|u 000010
|a 0
|e BOA001
|j MZK50
|s P
|